003860000a220010900045001000039000002450047000393000052000867730023001389420008001619520090001699990017002591 aDeiros, Pablo A. (Alberto) (1945-)10aTransfondo del catolicismo Latinoamericano aVol. 9, Num 4 (Diciembre, 1990) Páginas 24-250 tIglesia y Misión cANA 001040708HEMaFUSBCbFUSBCd2016-01-26l0o r2016-01-26 00:00:00w2016-01-26yANA c51900d51900